New directions in Indian psychology/ (Record no. 31183)

000 -LEADER
fixed length control field 00480nam a22001691a 4500
020 ## - INTERNATIONAL STANDARD BOOK NUMBER
ISBN 9788178290584
082 ## - DEWEY DECIMAL CLASSIFICATION NUMBER
Classification number 302.095 4
Item number AJI/S
245 ## - TITLE STATEMENT
Title New directions in Indian psychology/
Statement of responsibility, etc by Ajit K Dalal (ed.) and Girishwar Misra (ed.)
260 ## - PUBLICATION, DISTRIBUTION, ETC. (IMPRINT)
Place of publication New Delhi:
Name of publisher Sage,
Year of publication 2001.
300 ## - PHYSICAL DESCRIPTION
Number of Pages 445p.
650 ## - SUBJECT ADDED ENTRY--TOPICAL TERM
Topical Term Social Psychology India
650 ## - SUBJECT ADDED ENTRY--TOPICAL TERM
Topical Term Social Psychology
650 ## - SUBJECT ADDED ENTRY--TOPICAL TERM
Topical Term Social science
700 ## - ADDED ENTRY--PERSONAL NAME
Personal name Ajit K Dalal (ed.)
700 ## - ADDED ENTRY--PERSONAL NAME
Personal name Girishwar Misra (ed.)
942 ## - ADDED ENTRY ELEMENTS (KOHA)
Koha item type Book
Holdings
Withdrawn status Lost status Damaged status Not for loan Permanent Location Current Location Date acquired Cost, normal purchase price Full call number Accession Number Cost, replacement price Price effective from Koha item type
        Sree Sankaracharya University of Sanskrit Sree Sankaracharya University of Sanskrit 08.01.2015 450.00 302.095 4 AJI/S 052976 0.00 08.01.2015 Book